المقدمة في الإقتصاد الكلي / (رقم التسجيلة. 88274)
[ عرض عادي ]
| 000 -الفاتح | |
|---|---|
| عناصر البيانات ثابتة الطول | 00775cam a2200193 i 4500 |
| 005 - تاريخ ووقت آخر معاملة | |
| حقل ضبط | 20260121124316.0 |
| 008 - عناصر البيانات ثابتة الطول | |
| عناصر البيانات ثابتة الطول | 250721s2002 jo gr 000 0 ara d |
| 082 14 - رقم تصنيف ديوي العشري | |
| رقم التصنيف | 339 |
| رقم المادة | د ب ا |
| 100 1# - مدخل رئيسي – اسم شخصي | |
| الاسم الشخصي | الجومرد، أثيل عبد الجبار |
| علاقة الشخص بالعمل/ دوره | مؤلف. |
| 245 12 - بيان العنوان | |
| العنوان | المقدمة في الإقتصاد الكلي / |
| بيان المسؤولية | الدكتور اسامة بشير الدباغ, الدكتور اثيل عبد الجبار الجومرد. |
| 250 ## - بيان الطبعة | |
| بيان الطبعة | الطبعة الاولى. |
| 264 31 - بيانات النشر، التوزيع…إلخ | |
| مكان النشر، التوزيع...إلخ | عمان : |
| اسم الناشر، الموزع...إلخ | دار المناهج، |
| تاريخ النشر، التوزيع...إلخ | 2002. |
| 300 ## - الوصف المادي | |
| عدد الوحدات المكونة للوعاء | 516 صفحة. |
| 650 17 - مدخل إضافي بالموضوع - مصطلح موضوعي | |
| مصطلح موضوعي أو اسم جغرافي كعنصر مدخل | السياسه الاقتصاديه. |
| 650 17 - مدخل إضافي بالموضوع - مصطلح موضوعي | |
| مصطلح موضوعي أو اسم جغرافي كعنصر مدخل | الاقتصاد الكلي. |
| 700 1# - مدخل إضافي - اسم شخصي | |
| الاسم الشخصي | الدباغ، أسامة بشير |
| علاقة الشخص بالعمل/ دوره | مؤلف. |
| 942 ## - بيانات إضافية (كوها) | |
| نوع التنصيف | Dewey Decimal Classification |
| نوع المادة (كوها) | كتب |
| حالة السحب | حالة الفقدان | مصدر التصنيف | حالة التلف | غير قابل للإعارة | المكتبة الرئيسية | المكتبة الحالية | موقع الرف | تاريخ التزويد | الرقم المتسلسل | Total Checkouts | رقم الإستدعاء | الباركود | تاريخ آخر ظهور | تاريخ الفاتورة | نوع المادة (كوها) |
|---|---|---|---|---|---|---|---|---|---|---|---|---|---|---|---|
| Withdrawn | Dewey Decimal Classification | المكتبة المركزية | المكتبة المركزية | الإعارة | 28/07/2025 | 614567 | 339/دبا | 614567 | 28/07/2025 | 28/07/2025 | كتب | ||||
| Dewey Decimal Classification | المكتبة المركزية | المكتبة المركزية | الإعارة | 28/07/2025 | 614568 | 339 / د ب ا | 614568 | 28/07/2025 | 28/07/2025 | كتب | |||||
| Dewey Decimal Classification | المكتبة المركزية | المكتبة المركزية | الإعارة | 28/07/2025 | 614570 | 339/دبا | 614570 | 28/07/2025 | 28/07/2025 | كتب | |||||
| Dewey Decimal Classification | المكتبة المركزية | المكتبة المركزية | الإعارة | 21/11/2016 | 1650103 | 339/دبا | PLD00399930 | 28/07/2025 | 21/11/2016 | كتب | |||||
| Dewey Decimal Classification | مكتبة أبو علندا العامة | مكتبة أبو علندا العامة | الإعارة | 28/07/2025 | 614583 | 339/دبا | 614583 | 28/07/2025 | 28/07/2025 | كتب | |||||
| Dewey Decimal Classification | مكتبة الاميرة بديعة | مكتبة الاميرة بديعة | الإعارة | 28/07/2025 | 614577 | 339/دبا | 614577 | 28/07/2025 | 28/07/2025 | كتب | |||||
| Dewey Decimal Classification | مكتبة البراعم الواعدة | مكتبة البراعم الواعدة | الإعارة | 23/06/2015 | 1474070 | 339/دبا | PLD00333486 | 28/07/2025 | 23/06/2015 | كتب | |||||
| Dewey Decimal Classification | مكتبة الجويدة | مكتبة الجويدة | الإعارة | 28/07/2025 | 614578 | 339/دبا | 614578 | 28/07/2025 | 28/07/2025 | كتب | |||||
| Dewey Decimal Classification | مكتبة الحسن العامة | مكتبة الحسن العامة | الإعارة | 28/07/2025 | 614579 | 339/دبا | 614579 | 28/07/2025 | 28/07/2025 | كتب | |||||
| Dewey Decimal Classification | مكتبة النصر العامة | مكتبة النصر العامة | الإعارة | 28/07/2025 | 614585 | 339/دبا | 614585 | 28/07/2025 | 28/07/2025 | كتب | |||||
| Dewey Decimal Classification | مكتبة حمزة العامة | مكتبة حمزة العامة | الإعارة | 28/07/2025 | 614580 | 339/دبا | 614580 | 28/07/2025 | 28/07/2025 | كتب |